|
|
|
|
| LEADER |
00000nab a2200000 a 4500 |
| 001 |
vtls009514201 |
| 003 |
SK-MaSNL |
| 005 |
20260304152335.0 |
| 008 |
250506c2009 xo |||||||||||000 b|slo |
| 015 |
|
|
|a SNBRB2009/05
|2 snkbucl
|
| 035 |
|
|
|a (uuid)932cf205-c4e7-4e0b-b5ff-c2c49bf66c02
|
| 035 |
|
|
|a urn:nbn:sk:snk-ab14fd
|
| 035 |
|
|
|a (urnnbn)urn:nbn:sk:snk:ar-a05fmo
|
| 038 |
|
|
|a SNKBUCL
|
| 040 |
|
|
|a SNKBUCL
|b slo
|c SNKBUCL
|e AACR2
|
| 041 |
0 |
|
|a slo
|
| 044 |
|
|
|a xo
|c SK
|
| 080 |
|
|
|a 004.773.3-021.476
|2 2001
|
| 080 |
|
|
|a 004.773.3.056.5
|2 2001
|
| 100 |
1 |
|
|a Reiter, Michal
|4 aut
|9 758687
|
| 245 |
1 |
0 |
|a Veľký spamový útok
|b prehľad & test
|c Michal Reiter
|
| 300 |
|
|
|b Obr.
|
| 650 |
0 |
7 |
|a nevyžiadaná elektronická pošta
|2 SNKPH
|9 84102
|
| 650 |
0 |
7 |
|a antispamová ochrana
|2 snkbucl
|9 485988
|
| 773 |
0 |
|
|t PC revue
|g Roč. XVII, č. 2 (2009), s. 92-[94]
|x 1335-0226
|
| 850 |
|
|
|a Slovenská národná knižnica
|
| 852 |
|
|
|a Slovenská národná knižnica
|
| 954 |
|
|
|a odborná, vedecká literatúra pôvodná (slovenská)
|2 lita
|
| 958 |
|
|
|a article27
|
| 958 |
|
|
|a OND
|
| 958 |
|
|
|a EUIPO
|
| 999 |
|
|
|c 2948430
|d 2950360
|